00257nam a2200109Ia 4500008004100000100002300041245002300064260002100087650001500108942000700123999001700130190216s9999||||xx |||||||||||||| ||und|| aA Group Of Authors 0aNaveena Niroopanam bBhasha Institute aNiroopanam cBK c40430d40430